| 000 | 00604nam a2200205 a 4500 | ||
|---|---|---|---|
| 001 | ASIN0007360908 | ||
| 003 | OSt | ||
| 005 | 20170105102907.0 | ||
| 008 | 131024s xxu eng d | ||
| 020 | _a0007360908 (paperback) | ||
| 020 | _a9780007360901 (paperback) | ||
| 040 | _aa | ||
| 082 |
_a956.04 _bFRI 1995 |
||
| 100 | 1 | _aFriedman, Thomas | |
| 245 | 1 | 0 | _aFrom beirut to jerusalem. |
| 260 |
_a[S.l.] : _bHARPER COLLINS PUBLISHERS, _c1995. |
||
| 300 |
_a1 v. (unpaged) ; _c20 cm. |
||
| 856 | 4 | 0 |
_3Amazon.com _uhttp://www.amazon.com/exec/obidos/ASIN/0007360908/chopaconline-20 |
| 942 |
_2ddc _cBK |
||
| 999 |
_c14929 _d14929 |
||